Obálka Náhled e-knihy:
PDF Epub
Pro půjčování e-knih musíte být přihlášeni.
Jak si půjčit online?

Staré řecké báje a pověsti /

Staré řecké báje a pověsti je pravděpodobně nejznámější kniha Eduarda Petišky, která obsahuje příběhy z řecké mytologie převyprávěné pro děti a mládež. Jednotlivé příběhy pojednávají o řeckých bozích, hrdinech, mýtických postavách a nestvůrách. Do roku 2012 byla kniha jen v Čechách vydána celkem pat...

Celý popis

Uloženo v:
Hlavní autor: Petiška, Eduard (Autor)
Médium: E-kniha
Jazyk:Czech
Vydáno: Praha : Martin Petiška, 1958
Tagy:
Žádné tagy
LEADER 02540nam a22002297i 4500
001 310834
007 ta
008 260601s1958 xr ||||| |||| 00| 0 cze d
020 |a 9788087781074 
044 |a xr 
100 1 |a  Petiška, Eduard  |4 aut 
245 1 0 |a Staré řecké báje a pověsti /  |c  Petiška, Eduard 
264 1 |a Praha :  |b Martin Petiška,  |c 1958 
300 |a 1 online zdroj (300 stran) 
336 |a text  |b txt  |2 rdacontent 
337 |a bez média  |b n  |2 rdamedia 
338 |a online zdroj  |b cr  |2 rdacarrier 
520 2 |a Staré řecké báje a pověsti je pravděpodobně nejznámější kniha Eduarda Petišky, která obsahuje příběhy z řecké mytologie převyprávěné pro děti a mládež. Jednotlivé příběhy pojednávají o řeckých bozích, hrdinech, mýtických postavách a nestvůrách. Do roku 2012 byla kniha jen v Čechách vydána celkem patnáctkrát.Eduard Petiška v začátcích komunistické totality nevěřil, že se mu ještě v životě podaří vydat knihu pro dospělé. Proto ji pojal, jak později sděloval, jako \\\"román o životě v Čechách\\\", o českých zoufalstvích a nadějích, tedy jako klíčový román, kde jednotliví bozi představovali jednotlivé politiky a postoje.V tomto archetypickém pojetí antické látky zřejmě spočívá její mezinárodní úspěch, není to jen převyprávění antických mýtů, je to jednolitá zpráva o lidském životě a charakteru, tato zpráva je srozumitelná ve všech jazycích, do kterých kniha byla přeložena a vydávána (v němčině, angličtině, italštině, holandštině, finštině, ruštině, maďarštině, estonštině atd.). Ve Francii dosáhla pětadvaceti vydání do roku 2011 a stala se školní četbou.Autorovo dílo se již před knihou dělí do dvou základních větví: do literatury pro dospělé a do literatury pro děti a mládež, z nich se každý směr se opět dělí na další odvětví, pokrývá se tak celý úsek čtenářského věku, čtenářských zájmů. Dá se říci, že Staré řecké báje a pověsti jsou úhelným kamenem Petiškovy tvorby. 
910 |a RBIT002 
998 |d 176060  |a https://core.palmknihy.cz/api/books/176060/cover?z26pa0  |b https://core.palmknihy.cz/api/books/176060/cover/400?g5jiaz  |c https://core.palmknihy.cz/api/books/176060/cover/50?nl0g0w  |e   |g 300  |i 9788087781074  |j https://core.palmknihy.cz/api/books/176060/preview.epub  |k https://core.palmknihy.cz/api/books/176060/preview.pdf  |l   |q 49  |r 1  |s https://www.palmknihy.cz/kniha/176060  |t ebook  |y 1958  |z 1 
999 |d 310832